| 000 | 00617nam a2200193Ia 4500 | ||
|---|---|---|---|
| 003 | GCL | ||
| 008 | 140319s9999 xx 000 0 ara d | ||
| 040 |
_aGCL / _cGCL |
||
| 082 | 0 | 4 |
_a811.062 _bك م |
| 100 | 1 | _aكامل امين | |
| 245 | 1 | 0 |
_aملحمة السموات السبع (هدية من الاديب عبدالفتاح الجمل) / _cكامل امين |
| 300 | _a167 ص | ||
| 490 |
_aالهيئة العامة للاستعلامات _v0 |
||
| 650 | 0 | 4 | _aالشعر العربى |
| 650 | 0 | 4 | _aالادب العربى |
| 650 | 0 | 4 | _aالملاحم |
| 650 | 0 | 4 | _aالشعر القصصى |
| 942 |
_2ddc _cBK |
||
| 999 |
_c47427 _d47427 |
||